书目信息 |
| 题名: |
从金融危机读解经济法总论
|
|
| 作者: | 朱国华 著 | |
| 分册: | ||
| 出版信息: | 上海 同济大学出版社 2013.12 |
|
| 页数: | 255页 | |
| 开本: | 21cm | |
| 丛书名: | ||
| 单 册: | ||
| 中图分类: | D922.290.4 | |
| 科图分类: | ||
| 主题词: | 经济法--研究--中国 , 经济法 | |
| 电子资源: | ||
| ISBN: | 978-7-5608-5374-1 | |
| 000 | 00987nam0 2200253 450 | |
| 001 | 519 | |
| 005 | 20140908081443.95 | |
| 010 | @a978-7-5608-5374-1@dCNY32.00 | |
| 100 | @a20140325d2013 em y0chiy0110 ea | |
| 101 | 0 | @achi |
| 102 | @aCN@b310000 | |
| 105 | @ay z 000yy | |
| 106 | @ar | |
| 200 | 1 | @a从金融危机读解经济法总论@ACong Jin Rong Wei Ji Dou Jie Jing Ji Fa Zong Lun@f朱国华等著@FZhu Guo Hua Deng Zhu |
| 210 | @a上海@c同济大学出版社@d2013.12 | |
| 215 | @a255页@d21cm | |
| 300 | @a国家社科基金项目阶段性成果(04CFX010) 同济大学法学院教改项目(2010-2012) | |
| 330 | @a本书从深入分析经济现象入手,并从经济法与其他部门法的联系和区别上,经济法产生和发展,论述了经济法产生和独立的历史必然性,它的本质、功能与任务,它的调整对象,它的内容与体系,它的制定与实施等各种基本理论问题。 | |
| 606 | 0 | @a经济法@x研究@y中国 |
| 606 | 0 | @a经济法 |
| 690 | @aD922.290.4@v5 | |
| 701 | 0 | @a朱国华@AZhu Guo Hua@4著 |
| 801 | 0 | @aCN@bTANGWEI@c20140603 |
| 905 | @b0838153-55@dD922.290.4@e1107@f3 | |
| 从金融危机读解经济法总论/朱国华等著.-上海:同济大学出版社,2013.12 |
| 255页;21cm |
| 国家社科基金项目阶段性成果(04CFX010) 同济大学法学院教改项目(2010-2012) |
| ISBN 978-7-5608-5374-1:CNY32.00 |
| 本书从深入分析经济现象入手,并从经济法与其他部门法的联系和区别上,经济法产生和发展,论述了经济法产生和独立的历史必然性,它的本质、功能与任务,它的调整对象,它的内容与体系,它的制定与实施等各种基本理论问题。 |
| ● |
| 相关链接 |
|
|
|
|
正题名:从金融危机读解经济法总论
索取号:D922.290.4/1107
 
预约/预借
| 序号 | 登录号 | 条形码 | 馆藏地/架位号 | 状态 | 备注 |
| 1 | 0838153 | 208381534 | 第一样本阅览室/ [索取号:D922.290.4/1107] | 在馆 | |
| 2 | 0838154 | 208381543 | 第一借阅区/ [索取号:D922.290.4/1107] | 在馆 | |
| 3 | 0838155 | 208381552 | 密集书库-史法系/ [索取号:D922.290.4/1107] | 在馆 |